Use of NR emulsions for stabilising sandy soils (Record no. 71880)

MARC details
000 -LEADER
fixed length control field 00389nam a2200133Ia 4500
100 ## - MAIN ENTRY--AUTHOR NAME
Personal name Soong N K
245 #0 - TITLE STATEMENT
Title Use of NR emulsions for stabilising sandy soils
260 ## - PUBLICATION, DISTRIBUTION, ETC. (IMPRINT)
Name of publisher Proceedings of the RRIM Planters Conference, Kuala Lumpur, 1974; p127-137
650 ## - SUBJECT ADDED ENTRY--TOPICAL TERM
Topical Term NR emulsion
650 ## - SUBJECT ADDED ENTRY--TOPICAL TERM
Topical Term Sandy soils
700 ## - ADDED ENTRY--PERSONAL NAME
Personal name Yeong C S
942 ## - ADDED ENTRY ELEMENTS (KOHA)
Koha item type Journals
Holdings
Withdrawn status Lost status Damaged status Not for loan Home library Current library Shelving location Date acquired Koha item type
      Journals RRII Library RRII Library Soils and agonomy 17/12/2021 Journals